Chuuk International Airport Destinations (Chuuk, Micronesia) - Statistics

General Stats
  • This quiz has been taken 17 times
  • The average score is 6 of 13
Answer Stats
Airline Destination % Correct
United Airlines Honolulu
100%
United Airlines Guam
85%
Caroline Islands Air Ta
69%
United Airlines Majuro
62%
Caroline Islands Air Yap
54%
United Airlines Kosrae
46%
Caroline Islands Air/United Airlines Pohnpei
46%
United Airlines Kwajalein
23%
Caroline Islands Air Fais
15%
Caroline Islands Air Houk
15%
Caroline Islands Air Onoun
15%
Caroline Islands Air Ulithi
15%
Caroline Islands Air Woleai
15%
No matching quizzes found
Score Distribution
Percent of People with Each Score
Percentile by Number Answered
Your Score History
You have not taken this quiz